000 00325nam a22001457a 4500
999 _c54947
_d54947
008 190927b ||||| |||| 00| 0 eng d
020 _a9780323016322
041 _aeng
080 _a618.2
082 _a618.2
100 _a1
101 _aINF
245 _aLeading and Managing in Nursing
_cWise.P.S.Y
942 _2udc
_cBK